=LDR 00000nam 2200000 4500 =001 INLIS000000000015482 =005 20130612110747 =008 ***********************************Indo** =035 ##$$0010-061300000015482 =041 ##$$a Indo =082 ##$$a R.301.402 6 =090 ##$$a R.301.402 6, Ind =245 ##$$a Undang-Undang No.4th 1982 Tentang Ketentuan-Ketentuan Pokok Pengelolaan Lingkungan Hidup =260 ##$$a 1982 $b Semarang =300 ##$$a iv 20 hlm, 23 cm =650 ##$$a Lingkungan Hidup-Undang-Undang =850 ##$$a NBPNMAT